000 00295nam a2200133Ia 4500
100 _akuzin/ M./ Egorov/ N.
942 _cBK
654 _aField Manuals
245 _aField Manuals Of Minerals
260 _bMir Publishers
_aMoscow
_c1979
082 _a549
300 _a194
546 _aENGLISH
999 _c31073
_d31073